The noble scholar, jurist, historian


 His Excellency Dr. Abdul Wahhab bin Ibrahim Abu Sulaiman, may Allah have mercy on him.


 He was born in Umm Al-Qura in the year 1356 AH.

كتاب مناسك الحج إلى بيت المعيد المبدي للإمام الفاضل رحمة الله السندي / (Record no. 14324)

MARC details
000 -LEADER
fixed length control field 04756cam a22004571i 4500
003 - CONTROL NUMBER IDENTIFIER
control field SA-RiAUC
005 - DATE AND TIME OF LATEST TRANSACTION
control field 20260215121921.0
008 - FIXED-LENGTH DATA ELEMENTS--GENERAL INFORMATION
fixed length control field 260210s1870 ua g 000r0 ara c
040 ## - CATALOGING SOURCE
Original cataloging agency SA-MaHRM
Language of cataloging ara
Transcribing agency SA-RiAUC
Description conventions rda
082 04 - DEWEY DECIMAL CLASSIFICATION NUMBER
Classification number 252.5
Assigning agency SA-RiAUC
090 ## - LOCALLY ASSIGNED LC-TYPE CALL NUMBER (OCLC); LOCAL CALL NUMBER (RLIN)
Classification number (OCLC) (R) ; Classification number, CALL (RLIN) (NR) م ن 252.5
Local cutter number (OCLC) ; Book number/undivided call number, CALL (RLIN) س ن د
100 1# - MAIN ENTRY--PERSONAL NAME
Personal name السندي، رحمة الله بن عبد الله بن إبرهيم،
Dates associated with a name توفي 993 هجري
Relator term مؤلف.
245 10 - TITLE STATEMENT
Title كتاب مناسك الحج إلى بيت المعيد المبدي للإمام الفاضل رحمة الله السندي /
Statement of responsibility, etc. تصحيح إبراهيم عبد الغفار . موشي الطرز العواري بحواشي المنلا علي القاري على مذهب الإمام أبي حنيفة النعمان أسكننا الله وإياهم فراديس الجنان آمين.
246 36 - VARYING FORM OF TITLE
Title proper/short title لباب المناسك وعباب المسالك
264 #1 - PRODUCTION, PUBLICATION, DISTRIBUTION, MANUFACTURE, AND COPYRIGHT NOTICE
Place of production, publication, distribution, manufacture [القاهرة] :
Name of producer, publisher, distributor, manufacturer دار الطباعة الكبرى العامرة،
Date of production, publication, distribution, manufacture, or copyright notice [1870]
300 ## - PHYSICAL DESCRIPTION
Extent 62، 35 صفحة ؛
Dimensions 28 سم
336 ## - CONTENT TYPE
Content type term نص
Content type code txt
Source rdacontent
Materials specified كتاب
337 ## - MEDIA TYPE
Media type term بدون وسيط
Media type code n
Source rdamedia
338 ## - CARRIER TYPE
Carrier type term مجلد
Carrier type code nc
Source rdacarrier
351 ## - ORGANIZATION AND ARRANGEMENT OF MATERIALS
Arrangement مرتبة بنظام التعقيبات.
500 ## - GENERAL NOTE
General note يليه : شرح العالم العلامة الحبر الفهامة الراجي فيض مولاه الجاري المنلا علي القاري على نبذة في زيارة المصطفى صلى الله عليه وعلى آله ومن له اقتفى ؛ وبهامشه رسالتان وثالثة الأولى تسمى الحظ الأوفر في الحج الأكبر، والثانية في بيان الحج المبرور وتحقيق الخلاف بين الإمام الهمام الشيخ ابن حجر المكي الشافعي والهمام الميربادشاه البخاري الحنفي في أن الحج هل يكفر الكبائر أم لا، والثالثة تسمى بيان فعل الخير إذا دخل مكة من حج عن الغير.
500 ## - GENERAL NOTE
General note كتاب مناسك الحج إلى بيت المعيد المبدي تلخيص لكتاب جمع المناسك عونا للسالك وتسهيلا للناسك.
535 1# - LOCATION OF ORIGINALS/DUPLICATES NOTE
Custodian مديرية الأوقاف العامة
650 #7 - SUBJECT ADDED ENTRY--TOPICAL TERM
Topical term or geographic name entry element الحج (فقه إسلامي)
General subdivision مناسك
Source of heading or term aucsh
700 1# - ADDED ENTRY--PERSONAL NAME
Personal name عبد الغفار، إبراهيم
Relator term مصحح.
700 12 - ADDED ENTRY--PERSONAL NAME
Personal name علي القاري، علي بن محمد الهروي،
Titles and other words associated with a name الملا،
Dates associated with a name توفي 1014 هجري
700 12 - ADDED ENTRY--PERSONAL NAME
Personal name علي القاري، علي بن محمد الهروي،
Titles and other words associated with a name الملا،
Dates associated with a name توفي 1014 هجري
Title of a work شرح العالم العلامة الحبر الفهامة الراجي فيض مولاه الجاري المنلا علي القاري على نبذة في زيارة المصطفى صلى الله عليه وعلى آله ومن له اقتفى.
700 12 - ADDED ENTRY--PERSONAL NAME
Personal name علي القاري، علي بن محمد الهروي،
Titles and other words associated with a name الملا،
Dates associated with a name توفي 1014 هجري
Title of a work الحظ الأوفر في الحج الأكبر.
700 12 - ADDED ENTRY--PERSONAL NAME
Personal name علي القاري، علي بن محمد الهروي،
Titles and other words associated with a name الملا،
Dates associated with a name توفي 1014 هجري
Title of a work في بيان الحج المبرور وتحقيق الخلاف بين الإمام الهمام الشيخ ابن حجر المكي الشافعي والهمام الميربادشاه البخاري الحنفي في أن الحج هل يكفر الكبائر أم لا.
700 12 - ADDED ENTRY--PERSONAL NAME
Personal name علي القاري، علي بن محمد الهروي،
Titles and other words associated with a name الملا،
Dates associated with a name توفي 1014 هجري
Title of a work بيان فعل الخير إذا دخل مكة من حج عن الغير.
740 02 - ADDED ENTRY--UNCONTROLLED RELATED/ANALYTICAL TITLE
Uncontrolled related/analytical title حواشي المنلا علي القاري على مذهب الإمام أبي حنيفة النعمان.
740 22 - ADDED ENTRY--UNCONTROLLED RELATED/ANALYTICAL TITLE
Uncontrolled related/analytical title الحظ الأوفر في الحج الأكبر.
740 02 - ADDED ENTRY--UNCONTROLLED RELATED/ANALYTICAL TITLE
Uncontrolled related/analytical title بيان فعل الخير إذا دخل مكة من حج عن الغير.
740 02 - ADDED ENTRY--UNCONTROLLED RELATED/ANALYTICAL TITLE
Uncontrolled related/analytical title في بيان الحج المبرور وتحقيق الخلاف بين الإمام الهمام الشيخ ابن حجر المكي الشافعي والهمام الميربادشاه البخاري الحنفي في أن الحج هل يكفر الكبائر أم لا.
740 02 - ADDED ENTRY--UNCONTROLLED RELATED/ANALYTICAL TITLE
Uncontrolled related/analytical title شرح العالم العلامة الحبر الفهامة الراجي فيض مولاه الجاري المنلا علي القاري على نبذة في زيارة المصطفى صلى الله عليه وعلى آله ومن له اقتفى.
740 02 - ADDED ENTRY--UNCONTROLLED RELATED/ANALYTICAL TITLE
Uncontrolled related/analytical title جمع المناسك عونا للسالك وتسهيلا للناسك.
856 4# - ELECTRONIC LOCATION AND ACCESS
Uniform Resource Identifier <a href="http://10.10.10.21/hipres/1317/book.Web/bookTestPage.html">http://10.10.10.21/hipres/1317/book.Web/bookTestPage.html</a>
942 ## - ADDED ENTRY ELEMENTS (KOHA)
Source of classification or shelving scheme Dewey Decimal Classification
Koha item type كتاب مصور نادر
Suppress in OPAC No
949 ## - LOCAL PROCESSING INFORMATION (OCLC)
a SA-JeALM
d 260210
u mohamedma123
n 1
Holdings
Withdrawn status Lost status Source of classification or shelving scheme Damaged status Not for loan Home library Current library Date acquired Total checkouts Full call number Barcode Date last seen Price effective from Koha item type
    Dewey Decimal Classification     DR AbdElwahab Library DR AbdElwahab Library 02/11/2026   م ن252.5 س ن د 000022736 02/15/2026 02/11/2026 كتاب مصور نادر